Mexico Roster CONCACAF Nations League - Statistics

General Stats
  • This quiz has been taken 7 times
  • The average score is 7 of 23
Answer Stats
Position Club Answer % Correct
ST AC Milan Santiago Gimenez
80%
GK Club America Luis Malagon
60%
ST Fulham Raul Jimenez
60%
LW R.S.C. Anderlecht Cesar Huerta
40%
CDM West Ham Edson Alvarez
40%
RB Club America Israel Reyes
40%
ST Al Qadsiah FC Julian Quinones
40%
GK Chivas Raul Rangel
40%
RW Chivas Roberto Alvarado
40%
LW Toluca Alexis Vega
20%
GK Pachuca Carlos Moreno
20%
CAM Cruz Azul Carlos Rodriguez
20%
CB Lokomotiv Moscow Cesar Montes
20%
RW Tijuana Efrain Alvarez
20%
CDM Cruz Azul Erik Lira
20%
LB Tigres Jesus Angulo
20%
LB Toluca Jesus Gallardo
20%
CB Genoa Johan Vasquez
20%
CM FC Dynamo Moscow Luis Chavez
20%
CDM Chivas Luis Romo
20%
CAM AEK Athens Orbelin Pineda
20%
CB Club America Ramon Juarez
20%
RB F.C. Copenhagen Rodrigo Huescas
20%
No matching quizzes found
Score Distribution
Percent of People with Each Score
Percentile by Number Answered
Your Score History
You have not taken this quiz